| 000 | 00774 a2200217 4500 | ||
|---|---|---|---|
| 003 | Nust | ||
| 005 | 20221128100341.0 | ||
| 010 | _a 96195365 | ||
| 020 | _a81-85617-70-8 | ||
| 040 | _cNust | ||
| 082 | 0 | 0 | _a530,PHY |
| 245 | 0 | 0 |
_aPhysics experiments and projects for students / _cedited by C. Isenberg and S. Chomet. |
| 250 | _avol.ii | ||
| 260 |
_aBristol, PA : _bTaylor & Francis, _c<c1996- > |
||
| 300 |
_a188p _bill. ; _c22 cm. |
||
| 505 | _aGeneral Properties of Matter (Page-1), Light and Sound (Page-29), Heat and thermodynamics (Page-85), Magnetism Electricity and Electronics (Page-105), Computing (Page-141). | ||
| 650 | 0 |
_aPhysics _xExperiments. _935545 |
|
| 700 | 1 |
_aChomet, S. _9103656 |
|
| 700 | 1 |
_aIsenberg, Cyril. _9103657 |
|
| 942 |
_2ddc _cBK _k530,PHY |
||
| 999 |
_c180571 _d180571 |
||